LEADER 01154nam0-22003611i-450- 001 990005434610203316 005 20010829120000.0 035 $a000543461 035 $aUSA01000543461 035 $a(ALEPH)000543461USA01 035 $a000543461 100 $a20010829d1974-------|0itac50------ba 101 $aita 102 $aIT 105 $a||||Z 1|||| 200 1 $aUmbria$fMaria Rosa Prete Pedrini 210 $a2. ed. riveduta e aggiornata 215 $aTorino . Utet, 1974 - 455 p.$c252 figure e 24 cartine geografiche$d29 cm$euna carta g eografica e 6 tavole a colori 225 2$a<> regioni d'Italia$v9 410 1$12001$a<> regioni d'Italia$v9 676 $a910.021$cAree, regioni, luoghi in genere$v21 700 1$aPRETE PEDRINI,$bMaria Rosa$034019 801 $aIT$bSOL$c20120104 912 $a990005434610203316 950 $aDIP.TO SCIENZE ECONOMICHE - (SA)$dDS 900 910.02314565 PRE$e2348 DISES 951 $a900 910.02314565 PRE$b2348 DISES 959 $aBK 969 $aDISES 979 $c20121027$lUSA01$h1532 979 $c20121027$lUSA01$h1612 996 $aUmbria$9313851 997 $aUNISA NUM $aUSA2782 LEADER 01191nam--2200385---450- 001 990003098100203316 005 20080418132722.0 010 $a2-08-07019-6 035 $a000309810 035 $aUSA01000309810 035 $a(ALEPH)000309810USA01 035 $a000309810 100 $a20080418d1966----km-y0itay50------ba 101 $afre 102 $aFR 105 $a||||||||001yy 200 1 $aDiscours de la methode$esuivi d'extraits de la Dioptrique, des Meteores, de la vie de Descartes par Baillet, du Monde, de l'Homme et de Lettres$fRene Descartes$gchronologie et preface par Genevieve Rodis-Lewis 210 $aParis$cGarnier-Flammarion$dcopyr. 1966 215 $a252 p.$d18 cm 225 2 $aGF$v109 410 0$12001$aGF 454 1$12001 461 1$1001-------$12001 606 0 $aFilosofia occidentale moderna$yFrancia 676 $a194 700 1$aDESCARTES,$bRené$0340660 702 1$aRODIS-LEWIS,$bGeneviéve 801 0$aIT$bsalbc$gISBD 912 $a990003098100203316 951 $aII.4.A.76$b3121 DSLL 959 $aBK 969 $aDSLL 979 $aDSLL$b90$c20080418$lUSA01$h1327 996 $aDiscours de la méthode$912998 997 $aUNISA